01122nam a22001697a 4500003000900000005001700009008004100026040001300067110009200080245018400172260004600356300004000402500027900442650005300721651004900774856012900823BR-ViAPE20260508122237.0260508s1923 por gss|||f001 0 por d cBR-ViAPE aMinistério da Agricultura, Indústria e ComérciobDiretoria Geral de Estatística aRecenseamento do Brasil, realizado em 1 de setembro de 1920: brelação dos proprietários dos estabelecimentos rurais recenseados no Estado do Espírito Santo - Santa Teresa aRio de JaneirobTyp. da Estatisticac1923 a31 p.bDocumento digitalizado (PDF) aDocumento integrante do Recenseamento do Brasil de 1920, contendo levantamento estatístico e nominal de estabelecimentos rurais do município de Santa Teresa (ES).aDocumento digitalizado do acervo institucional do Arquivo Público do Estado do Espírito Santo - APEES. aPropriedade ruralxHistóriazSanta Teresa (ES) aSanta Teresa (ES)zEspírito Santo (Brasil) uhttps://ape.es.gov.br/Media/ape/PDF/Recenseamento/Recenseamento_1920_Santa_Thereza.pdfyCLIQUE AQUI PARA ACESSAR O DOCUMENTO